| 000 | 00593nam a2200205Ia 4500 | ||
|---|---|---|---|
| 008 | 160319s9999 xx 000 0 und d | ||
| 245 | _aNature's serenade : | ||
| 245 | _bthe four seasons / | ||
| 245 | _cVivaldi. | ||
| 260 | _aPleasantville, N.Y. : | ||
| 260 | _bReader's Digest Video. | ||
| 260 | _c2008 | ||
| 300 | _a1 DVD-video (50 min.) : | ||
| 300 | _bdigital, sound, color ; | ||
| 300 | _c4 3/4 in. | ||
| 650 | _aConcertos (Violin with string orchestra) | ||
| 650 | _aNational parks and reserves -- United States. | ||
| 650 | _aSeasons -- | ||
| 650 | _xSongs and music. | ||
| 999 |
_c292786 _d292786 |
||